000 00824nas a2200265 4500
001 BR0901624
003 BR-BrBNA
005 20231205112617.0
007 ta
008 230509b bl.|||p| |||| 00| 00por d
040 _aBR-BrBNA
_bpor
_cBiblioteca Nacional de Agricultura
041 _a(Pt)
072 _aF30
100 1 _aFioravanço, J.C.
100 1 _aSimonetto, P.R.
100 1 _aGrellmann, E.O.
245 1 _a"Gulfruby": cultivar precoce de ameixeira japonesa com potencial para cultivo na região serrana do RS
650 _aAMEIXA JAPONESA
650 _aACLIMATAÇÃO
650 _aVARIEDADE
650 _aRIO GRANDE DO SUL
773 0 _tPesquisa Agropecuaria Gaucha (Brazil)
_xISSN 0104-9070
_g(2008), v. 14(2) p. 81-85
_wBR0901624
909 _a202311
_bLúcia
_c55
_dLúcia Elande
942 _2AGRIS
_n0
_cANA
999 _c198946
_d198946